Estados Unidos frente al mundo

Salvato in:
Dettagli Bibliografici
Autore principale: Spykman, Nicholas John (Autore)
Natura: Libro
Lingua:spagnolo
Pubblicazione: Ciudad de México Fondo de Cultura Económica 1944
Serie:Ciencia Política. Relaciones Internacionales, 4
Soggetti:
Tags: Aggiungi Tag
Nessun Tag, puoi essere il primo ad aggiungerne!!

MARC

LEADER 00000nam a2200000 a 4500
001 UCT9439
003 CL-VaPUC
008 970404e19440000MX |||||||||||||||||spa|d
082 0 4 |a 327.730  |b SPY  |2 21 
100 0 |a Spykman, Nicholas John  |e author  |9 382123 
245 1 0 |a Estados Unidos frente al mundo 
300 |a 482 p 
942 |c BK 
945 |d 19970404 00:00:00  |a paguirre 
260 |a Ciudad de México  |b Fondo de Cultura Económica  |c 1944 
650 0 |a Relaciones Internacionales  |9 255740 
650 0 |a Política internacional  |9 255813 
650 0 |a Guerra  |9 255876 
650 0 |a Poder político  |9 255509 
650 0 |a Conflicto internacional  |9 341259 
650 0 |a Integración económica  |9 255024 
651 0 |a Estados Unidos  |9 255178 
583 |a last modification  |c 19970404 00:00:00  |k Rodrigo Vera 
490 0 |a Ciencia Política. Relaciones Internacionales, 4 
999 |c 257840  |d 257838 
952 |0 0  |1 0  |4 0  |6 327_730000000000000_SPY_1944  |7 0  |8 A  |9 281519  |a BIBDER  |b BIBDER  |d 2019-11-19  |i 1824945  |o 327.730 SPY 1944  |p 1824945  |r 2023-01-25  |w 2019-11-19  |y BK  |k DER